Inhalants (Record no. 12803)
[ view plain ]
| 000 -LEADER | |
|---|---|
| fixed length control field | 00392 a2200133 4500 |
| 245 ## - TITLE STATEMENT | |
| Title | Inhalants |
| Remainder of title | : the toxic fumes |
| Medium | |
| 020 ## - INTERNATIONAL STANDARD BOOK NUMBER | |
| International Standard Book Number | 0877547580 |
| 260 ## - PUBLICATION, DISTRIBUTION, ETC. | |
| Place of publication, distribution, etc. | nyu |
| Name of publisher, distributor, etc. | Chelsea House |
| Date of publication, distribution, etc. | 1986 |
| 084 ## - | |
| -- | RC564 .G55 1986 |
| 300 ## - PHYSICAL DESCRIPTION | |
| Extent | 108 p. : ill. |
| Other physical details | 24 cm. |
| Dimensions | 108 p. : ill. ; 24 cm. |
| 500 ## - GENERAL NOTE | |
| General note | John R. Glowa. |
| 490 ## - SERIES STATEMENT | |
| Series statement | The Encyclopedia of psychoactive drugs |
No items available.